A concise history of the Middle East

Saved in:
Bibliographic Details
Main Author: Goldschmidt, Arthur, 1938-
Format: Book
Language:English
Published: Colorado : Westview Press, c1996.
Edition:5th ed.
Subjects:
Tags: Add Tag
No Tags, Be the first to tag this record!

MARC

LEADER 00000cam a2200000 i 4500
001 1/18423
008 981019s1996 us | ||| |||| ||eng||
020 |a 0813325285 
035 |l 10020909 
040 |a GR-MY-UA  |b gre  |e aacr 
041 0 |a eng 
082 7 |a 596   |2 (22) 
100 1 |a Goldschmidt, Arthur,   |d 1938- 
245 1 2 |a A concise history of the Middle East /   |c Arthur Goldschmidt Jr. 
250 |a 5th ed.  
260 |a Colorado :   |b Westview Press,   |c c1996.  
300 |a xiv, 465 σ. :   |b χάρτ. ;   |c 25 εκ. 
504 |a Περιέχει βιβλιογραφικές παραπομπές και ευρετήριο 
651 0 |a Middle East  |x History. 
767 0 8 |i Μεταφρασμένο ως:   |t Ιστορία της Μέσης Ανατολής /  
852 |a INST  |b LESVOS  |e 19981019  |h 956 GOL  |p 005100012768  |q 005100012768  |t BK  |y 0 
901 |a BIBL-1998-3 
909 |a Λ  |b 059598 
922 |a 1ΕΛΗ  |b 199809  |c ΚΠΣ/ΤΚΑ  |d ΠΑΠΑΣΩΤΗΡΙΟΥ 
950 |a 117-1998-07-08 
970 |z 19-10-1998